《出师表》默写 - Statistics

General Stats
  • This quiz has been taken 57 times
  • The average score is 21 of 106
Answer Stats
第一段 % Correct
先帝创业未半而中道崩殂
94%
今天下三分
89%
益州疲弊
76%
此诚危急存亡之秋也
72%
然侍卫之臣不懈于内
46%
忠志之士忘身于外者
43%
盖追先帝之殊遇
43%
欲报之于陛下也
39%
引喻失义
37%
诚宜开张圣听
35%
臣本布衣
35%
躬耕于南阳
35%
恢弘志士之气
33%
不宜妄自菲薄
33%
三顾臣于草庐之中
33%
以塞忠谏之路也
31%
苟全性命于乱世
31%
不求闻达于诸侯
31%
先帝不以臣卑鄙
31%
以光先帝遗德
30%
宫中府中
30%
俱为一体
30%
猥自枉屈
30%
陟罚臧否
26%
不宜异同
26%
不知所言
26%
将军向宠
22%
性行淑均
22%
今南方已定
22%
兵甲已足
22%
还于旧都
22%
若有作奸犯科及为忠善者
20%
由是感激
20%
遂许先帝以驱驰
20%
深入不毛
20%
兴复汉室
20%
临表涕零
20%
宜付有司论其刑赏
19%
晓畅军事
19%
先帝称之曰能
19%
亲贤臣
19%
远小人
19%
亲小人
19%
远贤臣
19%
故五月渡泸
19%
不宜偏私
17%
使内外异法也
17%
此皆良实
17%
此先汉所以兴隆也
17%
此后汉所以倾颓也
17%
当奖率三军
17%
北定中原
17%
今当远离
17%
侍中、侍郎郭攸之、费祎、董允等
15%
志虑忠纯
15%
咨臣以当世之事
15%
后值倾覆
15%
受任于败军之际
15%
奉命于危难之间
15%
庶竭驽钝
15%
攘除奸凶
15%
是以先帝简拔以遗陛下
13%
愚以为宫中之事
13%
悉以咨之
13%
有所广益
13%
尔来二十有一年矣
13%
先帝知臣谨慎
13%
以昭陛下平明之理
11%
事无大小
11%
未尝不叹息痛恨于桓、灵也
11%
故临崩寄臣以大事也
11%
受命以来
11%
夙夜忧叹
11%
恐托付不效
11%
以伤先帝之明
11%
不效
11%
则治臣之罪
11%
然后施行
9%
先帝在时
9%
每与臣论此事
9%
此臣所以报先帝而忠陛下之职分也
9%
是以众议举宠为督
7%
愚以为营中之事
7%
必能使行阵和睦
7%
优劣得所
7%
至于斟酌损益
7%
进尽忠言
7%
愿陛下托臣以讨贼兴复之效
7%
陛下亦宜自谋
7%
察纳雅言
7%
侍中、尚书、长史、参军
6%
此悉贞良死节之臣
6%
愿陛下亲之信之
6%
则汉室之隆
6%
可计日而待也
6%
以告先帝之灵
6%
以咨诹善道
6%
臣不胜受恩感激
6%
若无兴德之言
4%
则责攸之、祎、允等之慢
4%
以彰其咎
4%
则攸之、祎、允等之任也
2%
必得裨补阙漏
0%
试用之于昔日
0%
深追先帝遗嘱
0%
No matching quizzes found
Score Distribution
Percent of People with Each Score
Percentile by Number Answered
Your Score History
You have not taken this quiz